My Faith and my family (Record no. 120936)
[ view plain ]
| 000 -LEADER | |
|---|---|
| fixed length control field | 00521nam a22001457a 4500 |
| 008 - FIXED-LENGTH DATA ELEMENTS--GENERAL INFORMATION | |
| fixed length control field | 140924b xxu||||| |||| 00| 0 eng d |
| 050 ## - LIBRARY OF CONGRESS CALL NUMBER | |
| Classification number | BT771.2.N339 |
| 100 ## - MAIN ENTRY--PERSONAL NAME | |
| Personal name | Ncube, Raphael Mabuza Fr. |
| 9 (RLIN) | 11583 |
| 245 ## - TITLE STATEMENT | |
| Title | My Faith and my family |
| Remainder of title | the place of the family in the church and in the society in Africa today |
| Statement of responsibility, etc | Fr. Raphael Mabuza Ncube |
| 260 ## - PUBLICATION, DISTRIBUTION, ETC. (IMPRINT) | |
| Place of publication, distribution, etc | Plumtree |
| Name of publisher, distributor, etc | Ilizwe Publications |
| Date of publication, distribution, etc | 2014 |
| 300 ## - PHYSICAL DESCRIPTION | |
| Extent | iii, 200p. ; |
| Dimensions | 24cm. |
| 650 ## - SUBJECT ADDED ENTRY--TOPICAL TERM | |
| Topical term or geographic name as entry element | Faith |
| 9 (RLIN) | 11584 |
| 650 ## - SUBJECT ADDED ENTRY--TOPICAL TERM | |
| Topical term or geographic name as entry element | Family |
| General subdivision | Religious life |
| 9 (RLIN) | 11585 |
| 942 ## - ADDED ENTRY ELEMENTS (KOHA) | |
| Source of classification or shelving scheme | Library of Congress Classification |
| Item type | Monograph ( Printed materials) |
| Withdrawn status | Lost status | Source of classification or shelving scheme | Damaged status | Not for loan | Collection code | Home library | Current library | Shelving location | Date acquired | Total Checkouts | Full call number | Barcode | Date last seen | Price effective from | Koha item type |
|---|---|---|---|---|---|---|---|---|---|---|---|---|---|---|---|
| Library of Congress Classification | Main Collection | ARRUPE LIBRARY | ARRUPE LIBRARY | Main Collection | 24/09/2014 | BT771.2.N339 | 46500000399 | 01/12/2016 | 24/09/2014 | Monograph ( Printed materials) |